[Event "DEN-ch Kort2 A"]
[Site "Skorping"]
[Date "2017.04.14"]
[Round "3"]
[White "Hansen, Jens Bo"]
[Black "Schack, Asbjorn Hovgaard"]
[Result "1-0"]
[WhiteElo "2061"]
[BlackElo "1976"]
[PlyCount "61"]
[EventDate "2017.04.13"]
[EventType "swiss"]
[EventRounds "5"]
[EventCountry "DEN"]
[SourceTitle "EXT 2023"]
[Source "ChessBase"]
[SourceDate "2022.10.05"]
[SourceVersion "1"]
[SourceVersionDate "2022.10.05"]
[SourceQuality "1"]

1. c4 Nf6 2. Nc3 g6 3. e4 d6 4. d4 Bg7 5. Be2 0-0 6. Nf3 e5 7. 0-0 Na6 8. Re1 c6 9. h3 exd4 10. Nxd4 Nc5 11. Bf3 Nfd7 12. Be3 Ne5 13. Be2 Qc7 14. Qd2 Ne6 15. Rad1 Nxd4 16. Bxd4 Be6 17. f4 Rad8 18. b3 a6 19. Na4 c5 20. Bc3 Nc6 21. f5 Bc8 22. f6 Bh8 23. Rf1 Ne5 24. Ba5 Qc6 25. Bxd8 Rxd8 26. Nc3 Be6 27. Qf4 Rd7 28. Nd5 Kf8 29. Bg4 Bxd5 30. Bxd7 Qxd7 31. Rxd5 1-0